Music Quiz

Random Music Quiz

Erase Me Quiz Stats

Quiz not verified by Sporcle

Challenge
Share
Tweet
Embed
Score 0/41 Timer 10:00
0 Plays Today
Lyric 1 Lyric 2 % Correct
She said I don't feel time likeI really should
90.6%
She said she don't knowme anymore
84.4%
She wantsto erase me
84.4%
I think she hates me deepdown I know she does
75%
and this what she tells meshe said
62.5%
I keep on runningkeep on running and nothing
56.3%
I keep on runningkeep on running and nothing
56.3%
I keep on runningkeep on running and nothing
56.3%
worksI can't get away from you
53.1%
worksI can't get away from you
53.1%
worksI can't get away from you
53.1%
helps, I can't stop missing you
50%
helps, I can't stop missing you
50%
helps, I can't stop missing you
50%
knowing someone you lovedon't feel the same way about you
43.8%
memories theysoon delete
43.8%
It's like I'mher new nightmare
40.6%
Uh, I'm Yeezyshe said Hi I'm Aria
34.4%
I told my babyThis what this bitch tells me
25%
She aint escaping itmakes me feel a bit complete
21.9%
I missed you so damn muchI wish we could start over
21.9%
Lyric 1 Lyric 2 % Correct
I know I've seen you beforebut don't know where I've seen ya
18.8%
a couple days no talkingI've seen my baby
15.6%
a couple weeks notalking I seen my baby
15.6%
No! You an angelyou wave hi to Aaliyah
15.6%
I got a show in Koreathey built a new arena
12.5%
why don't you come watch itand tear the whole scene up
12.5%
sure enough one week later I'm in extra love
12.5%
every bouncer every club show her extra love
12.5%
we just praying the new fame don't get the best of us
12.5%
oh I remember now,it's something that I dreamed of
9.4%
I couldnt get my **** outanyway i hope you die aria
9.4%
let everybody know shemine so she extra plug
6.3%
in the height of her shoppingwas writers blocking me
6.3%
no, I keep on duckingkeep on ducking your nothing
3.1%
no, I keep on duckingkeep on ducking your nothing
3.1%
Don C said she cool but don't let her **** ya cream up
3.1%
Monica Lewinski on ya dress take ya to the cleaners
3.1%
but all good things gotta come to an enda
3.1%
she let it go to haedno not mineria
3.1%
no, I keep on duckingkeep on ducking your nothing
3.1%

You're not logged in!

Compare scores with friends on all Sporcle quizzes.
Sign Up with Email
OR
Log In

You Might Also Like...

Show Comments

Extras

Top Quizzes Today


Score Distribution

Your Account Isn't Verified!

In order to create a playlist on Sporcle, you need to verify the email address you used during registration. Go to your Sporcle Settings to finish the process.